Yielding ability and Agronomic characters of several chilies promising lines; សក្តានុពលទិន្នផល និងលក្ខណៈក្សេត្រសាស្រ្តស្រឡាយម្ទេសផ្សេងៗគ្នា (Record no. 10669)
[ view plain ]
| 000 -LEADER | |
|---|---|
| fixed length control field | 00623nam a22001577a 4500 |
| 003 - CONTROL NUMBER IDENTIFIER | |
| control field | OSt |
| 005 - DATE AND TIME OF LATEST TRANSACTION | |
| control field | 20161101160048.0 |
| 008 - FIXED-LENGTH DATA ELEMENTS--GENERAL INFORMATION | |
| fixed length control field | 161101b xxu||||| |||| 00| 0 eng d |
| 040 ## - CATALOGING SOURCE | |
| Transcribing agency | RUA |
| 082 ## - DEWEY DECIMAL CLASSIFICATION NUMBER | |
| Classification number | AGR MEN 2015 B521 Or. |
| 100 ## - MAIN ENTRY--PERSONAL NAME | |
| 9 (RLIN) | 11095 |
| Personal name | MENG KIMHONG |
| 245 ## - TITLE STATEMENT | |
| Title | Yielding ability and Agronomic characters of several chilies promising lines; សក្តានុពលទិន្នផល និងលក្ខណៈក្សេត្រសាស្រ្តស្រឡាយម្ទេសផ្សេងៗគ្នា |
| 260 ## - PUBLICATION, DISTRIBUTION, ETC. (IMPRINT) | |
| Place of publication, distribution, etc. | Phnom Penh |
| Name of publisher, distributor, etc. | RUA |
| Date of publication, distribution, etc. | 2015 |
| 300 ## - PHYSICAL DESCRIPTION | |
| Extent | xi;44p; |
| Other physical details | ill; |
| Dimensions | 29cm; |
| 942 ## - ADDED ENTRY ELEMENTS (KOHA) | |
| Source of classification or shelving scheme | |
| Koha item type | AGR |
| Price effective from | Date last seen | Permanent Location | Not for loan | Date acquired | Source of classification or shelving scheme | Koha item type | Lost status | Withdrawn status | Date last checked out | Total Checkouts | Shelving location | Damaged status | Barcode | Current Location | Full call number |
|---|---|---|---|---|---|---|---|---|---|---|---|---|---|---|---|
| 2016-11-01 | 2018-07-20 | Library Block B | 2016-11-01 | AGR | 2018-07-16 | 1 | B521 | A00423 | Library Block B | AGR MEN 2015 B521 Or.1 | |||||
| 2016-11-01 | 2022-02-04 | Library Block B | 2016-11-01 | AGR | 2022-01-24 | 1 | B521 | A00572 | Library Block B | AGR MEN 2015 B521 Or.2 | |||||
| 2016-11-01 | 2016-11-01 | Library Block B | 2016-11-01 | AGR | B521 | RUA062601 | Library Block B | AGR MEN 2015 B521 Or.3 | |||||||
| 2016-11-01 | 2016-11-01 | Library Block B | 2016-11-01 | AGR | B521 | A02206 | Library Block B | AGR MEN 2015 B521 Or.4 | |||||||
| 2016-11-01 | 2016-11-01 | Library Block B | 2016-11-01 | AGR | B521 | A01844 | Library Block B | AGR MEN 2015 B521 Or.5 | |||||||
| 2016-11-01 | 2016-11-01 | Library Block B | 2016-11-01 | AGR | B521 | A01632 | Library Block B | AGR MEN 2015 B521 Or.6 | |||||||
| 2016-11-01 | 2016-11-01 | Library Block B | 2016-11-01 | AGR | B521 | A01744 | Library Block B | AGR MEN 2015 B521 Or.7 | |||||||
| 2016-11-01 | 2022-01-10 | Library Block B | 2016-11-01 | AGR | 2022-01-04 | 1 | B521 | A00700 | Library Block B | AGR MEN 2015 B521 Or.8 |